Normal view
MARC view
- Wright, Richard T.,
Entry Personal Name
001 - CONTROL NUMBER
- control field: 7033
003 - CONTROL NUMBER IDENTIFIER
- control field: NUST
005 - DATE AND TIME OF LATEST TRANSACTION
- control field: 20171207122729.0
008 - FIXED-LENGTH DATA ELEMENTS
- fixed length control field: 171207|| aca||aabn | a|a d
040 ## - CATALOGING SOURCE
- Original cataloging agency: NUST
- Transcribing agency: NUST
100 ## - HEADING--PERSONAL NAME
- Personal name: Wright, Richard T.,
- Dates associated with a name: 1933-
670 ## - SOURCE DATA FOUND
- Source citation: Work cat.: (NUST)0: Wright, Richard T., 1933-, Environmental science :, c2002.
